Najcitlivejšia oblasť integrácie
Strategický poradca pre otázky integrácie na Ministerstve pôdohospodárstva SR Richard Sutherland Thomas o predvstupovej stratégii asociovaných krajín strednej a východnej Európy po madridskom summite EÚ so zreteľom na oblasť poľnohospodárstva. Dosah vstupu asociovaných krajín pre EÚ, možnosti pomoci...
Enregistré dans:
| Auteur principal: | |
|---|---|
| Autres auteurs: | |
| Format: | Chapitre de livre |
| Langue: | slovaque |
| Sujets: | |
| Tags: |
Pas de tags, Soyez le premier à ajouter un tag!
|
MARC
| LEADER | 00000naa a2200000 4500 | ||
|---|---|---|---|
| 001 | r019078 | ||
| 005 | 20221205101923.7 | ||
| 041 | 0 | |a slo | |
| 044 | |a SK | ||
| 245 | 1 | 0 | |a Najcitlivejšia oblasť integrácie |c R. Sutherland Thomas, A. Majkútová |
| 520 | |a Strategický poradca pre otázky integrácie na Ministerstve pôdohospodárstva SR Richard Sutherland Thomas o predvstupovej stratégii asociovaných krajín strednej a východnej Európy po madridskom summite EÚ so zreteľom na oblasť poľnohospodárstva. Dosah vstupu asociovaných krajín pre EÚ, možnosti pomoci týmto krajinám. Pridružovací proces SR do EÚ z časového hľadiska. | ||
| 610 | 2 | 0 | |a Slovensko |
| 610 | 2 | 0 | |a Európska únia |
| 610 | 2 | 0 | |a 1992-1995 |
| 610 | 2 | 0 | |a poľnohospodárstvo |
| 610 | 2 | 0 | |a integrácia ekonomická medzinárodná |
| 610 | 2 | 0 | |a PHARE |
| 610 | 2 | 0 | |a politika poľnohospodárska |
| 610 | 2 | 0 | |a stredná Európa |
| 610 | 2 | 0 | |a východná Európa |
| 100 | 1 | |a Sutherland Thomas, R. | |
| 700 | 1 | |a Majkútová, A. | |